00364nam a22000977a 4500082001200000100002000012245011600032260004100148650004100189700003600230 a200 THE aSumaiyya Farooq aTH-SOF-1313-Estimation of Congestion of Pilgrims in Hajj and Umrah Congregation Using Image and Video Analytics aIslamabadbNUST College of EMEc2016 a MS-COMPUTER ENGINEERING-81 MSTHESIS aSupervisor Dr. Shoab Ahmed Khan